000 00457nam a22001817a 4500
005 20250612150153.0
008 250612b |||||||| |||| 00| 0 eng d
020 _a9781416527640
_qpbk
041 _aeng
082 _a823.92 FOR
100 _aForster Dayo
245 _aReading The Ceiling
_c/ Dayo Forster
250 _a1st ed
260 _aUK
_bSimon & Schuster
_c2007
300 _a275p. :
_c22cm.
650 _aenglish fiction
942 _cENGLISH
999 _c572177
_d572177